hehe - Statistiques

Statistiques générales
  • Ce quiz a été pris 11 fois
  • Le résultat moyen est 20 sur 21
Statistiques - réponses
Hint Réponse % Correct
What are the dates of Herbert Hoover's mandate ? 1928-1932
100%
What are the dates of his mandate ? 1932-1945
100%
What are the dates of Truman's mandate ? 1945-1952
100%
When did Joseph McCarthy accuse the government to be infiltrated ? 1950
100%
By how much did the unemployment rate increase during this period ? 25%
100%
What was Roosevelt accused of being ? communist
100%
What is the second one ? Creation of American Welfare State
100%
Who was the only moderate president ? Eisenhower
100%
What notion did the young conservatives introduce ? Fusionism
100%
What is the GOP ? Grand Old Party
100%
What is the third one ? Grow federal budget
100%
What is the opposite of an interventionist government ? Laissez-faire
100%
What did he establish ? New Deal
100%
When did the Crash of Wall Street happened ? October 1929
100%
What was his political party ? Republican
100%
Who redefined the Democratic Party ? Roosevelt
100%
What do you call the theory of being able to solve your own problems yourself ? Self-help
100%
What do you call the the republicans who adapt to the New Deal ? The centrist republicans
100%
What was the name of the economic crisis that began at the end of the 1920s ? The Great Depression
100%
On what did the democrats and republicans disagree in the 1920s ? Prohibition
50%
What is the first decision of the New Deal ? Regulation of Wall Street and banking system
50%
Aucun quiz correspondant
Distribution des résultats
% des personnes avec chaque résultat
Percentile par nombre de réponses
Votre historique - résultats
Vous n’avez pas pris ce quiz